Catálogo público

Formulas de fertilización en manzano (Malus x domestica Bork.) en la región Pesa-Itundujia, Oaxaca/ (Record no. 109025)

MARC details
000 -CABECERA
campo de control de longitud fija 01135nam a2200313 a 4500
001 - NÚMERO DE CONTROL
campo de control 000112564
003 - IDENTIFICADOR DEL NÚMERO DE CONTROL
campo de control CHAP
005 - FECHA Y HORA DE LA ÚLTIMA TRANSACCIÓN
campo de control 20220329144312.0
008 - DATOS DE LONGITUD FIJA--INFORMACIÓN GENERAL
campo de control de longitud fija 160617s2016 mx a fsm |||||||spa d
010 ## - NÚMERO DE CONTROL DE LA BIBLIOTECA DEL CONGRESO
Número de control de LC 109025
011 ## - ENLACE DEL NUMERO DE CONTROL DE LA BIBLIOTECA DEL CONGRESO [OBSOLETO]
Número de control de LC 109997
040 ## - FUENTE DE LA CATALOGACIÓN
Centro/agencia transcriptor CHAP
090 ## - LOCALMENTE ASIGNADO TIPO-LC NÚMERO DE CLASIFICACIÓN (OCLC); NÚMERO DE CLASIFICACIÓN LOCAL (RLIN)
Número de clasificación (OCLC) (R) ; Numero de clasificación, CALL (RLIN) (NR) Tesis
100 1# - ENTRADA PRINCIPAL--NOMBRE DE PERSONA
Nombre de persona López Aguilar, Yuridia
9 (RLIN) 130938
245 10 - MENCIÓN DE TÍTULO
Título Formulas de fertilización en manzano (Malus x domestica Bork.) en la región Pesa-Itundujia, Oaxaca/
Medio [En línea]
Mención de responsabilidad, etc. por Yuridia López Aguilar.
260 ## - PUBLICACIÓN, DISTRIBUCIÓN, ETC.
Lugar de publicación, distribución, etc. Chapingo, Méx. :
Nombre del editor, distribuidor, etc. El autor,
Fecha de publicación, distribución, etc. 2016.
500 ## - NOTA GENERAL
Nota general Para ver el contenido del material haga clic en la liga
502 ## - NOTA DE TESIS
Nota de tesis Tesis (Ing. Agr. Esp. en Fitotecnia) -- UACH. Departamento de Fitotecnia
590 ## - NOTA LOCAL (RLIN)
Nota local E6096MTM
Procedencia (VM) [OBSOLETO] 05
Condición del los carretes individuales (VM) [OBSOLETO] 20160617
-- UCH01
-- 1501
590 ## - NOTA LOCAL (RLIN)
Nota local E6096MTM
Procedencia (VM) [OBSOLETO] 05
Condición del los carretes individuales (VM) [OBSOLETO] 20160617
-- UCH01
-- 1502
650 14 - PUNTO DE ACCESO ADICIONAL DE MATERIA--TÉRMINO DE MATERIA
Término de materia o nombre geográfico como elemento de entrada Fenología.
9 (RLIN) 40043
650 14 - PUNTO DE ACCESO ADICIONAL DE MATERIA--TÉRMINO DE MATERIA
Término de materia o nombre geográfico como elemento de entrada Fertilización foliar.
9 (RLIN) 40445
650 14 - PUNTO DE ACCESO ADICIONAL DE MATERIA--TÉRMINO DE MATERIA
Término de materia o nombre geográfico como elemento de entrada Fertilizantes
Subdivisión general Efecto en chile manzano.
9 (RLIN) 130939
650 14 - PUNTO DE ACCESO ADICIONAL DE MATERIA--TÉRMINO DE MATERIA
Término de materia o nombre geográfico como elemento de entrada Fertilizantes
Subdivisión general Efecto en cultivos.
9 (RLIN) 40505
856 ## - LOCALIZACIÓN Y ACCESO ELECTRÓNICOS
Nombre del host Finding aid
Identificador Uniforme del Recurso <a href="http://10.13.5.2/tesis/sist112564.pdf">http://10.13.5.2/tesis/sist112564.pdf</a>
Nota pública Teclea aquí
901 ## - ELEMENTOS DE DATOS A LOCAL LDA (RLIN)
a BK
942 ## - ELEMENTOS DE PUNTO DE ACCESO ADICIONAL (KOHA)
Tipo de ítem Koha Tesis
942 ## - ELEMENTOS DE PUNTO DE ACCESO ADICIONAL (KOHA)
Suprimir en OPAC 0
Holdings
Estado de retiro Estado de pérdida Estado dañado Restricciones de uso No para préstamo Código de colección Localización permanente Ubicación/localización actual Fecha de adquisición Información codificada de la localización en otra ubicación Total de préstamos Signatura topográfica completa Código de barras Fecha visto por última vez Precio válido a partir de Tipo de ítem Koha Nota pública Fuente del sistema de clasificación o colocación Ubicación en estantería Número de copia
      Préstamo interno2 Excluido de préstamo Tesis Biblioteca Central Biblioteca Central 17/06/2016 TESIS   Tesis 33724002522553 31/12/2019 31/12/2019 Tesis Recien adquirido      
      Préstamo 3 días   Tesis Biblioteca Central Biblioteca Central 17/06/2016 TESIS   Tesis 33724002522595 31/12/2019 31/12/2019 Tesis   Clasificación Universidad Autónoma de Chapingo Planta alta - Área de Tesis - Tesis c.2